000 00769nam a2200253 a 4500
001 3718597
003 ARRUPE
005 20160907093136.0
008 811024s1981 mnu 000 0 eng
010 _a 80053560
020 _a0030590612 (pbk.)
040 _aDLC
_cDLC
_dDLC
050 0 0 _aHQ1121
_b.S29
082 0 0 _a305.4/2
_219
100 1 _aSchaef, Anne Wilson.
_925600
245 1 0 _aWomen's reality :
_ban emerging female system in the white male society /
_cAnne Wilson Schaef.
260 _aMinneapolis, Minn. :
_bWinston Press,
_cc1981.
300 _a169 p. ;
_c22 cm.
650 0 _aWomen
_xPsychology.
_925601
650 0 _aFeminism.
_99992
650 0 _aSexism.
_920640
906 _a7
_bcbc
_corignew
_d2
_eocip
_f19
_gy-gencatlg
942 _2lcc
_cMONOGRAPH
999 _c125184
_d125184